[Event "Jakarta zt (Women)"]
[Site "Jakarta"]
[Date "1993.??.??"]
[Round "10"]
[White "Takemoto, Naoko"]
[Black "Lindri, Juni Wijayanti"]
[Result "1-0"]
[WhiteElo "2030"]
[BlackElo "2155"]
[EventDate "1993.??.??"]
[PlyCount "91"]

1.d4 Nf6 2.Nf3 g6 3.Bg5 Bg7 4.Nbd2 d6 5.e4 O-O 6.Bc4 h6 7.Bxf6 Bxf6 8.Qe2 
e5 9.dxe5 dxe5 10.O-O-O Qe7 11.h4 a6 12.Bb3 b5 13.Rdg1 Be6 14.g4 Bg7 15.
Nf1 Nc6 16.c3 Bxb3 17.axb3 Qe6 18.Kc2 Na5 19.N3d2 Rfd8 20.b4 Nb7 21.Nb3 c5
22.bxc5 Rac8 23.Ne3 Bf8 24.Nd5 Bxc5 25.Ra1 Rc6 26.g5 h5 27.Na5 Nxa5 28.
Rxa5 b4 29.Qc4 Bb6 30.Qxc6 Bxa5 31.Qxe6 b3+ 32.Kc1 fxe6 33.Ne7+ Kf7 34.Nc6
Bb6 35.Nxd8+ Bxd8 36.Kd2 Bb6 37.Ke2 Ke7 38.Ra1 a5 39.Ra3 Kd6 40.Rxb3 Kc5 
41.Rxb6 Kxb6 42.Kd3 Kc5 43.b3 Kb5 44.Kc2 a4 45.b4 Kc4 46.Kb2 1-0

[Event "Jakarta zt (Women)"]
[Site "Jakarta"]
[Date "1993.??.??"]
[Round "11"]
[White "Lindri, Juni Wijayanti"]
[Black "Mills, Natalie"]
[Result "1-0"]
[WhiteElo "2155"]
[BlackElo "2005"]
[EventDate "1993.??.??"]
[PlyCount "89"]

1.e4 e5 2.Bc4 Nf6 3.d3 Nc6 4.Nf3 Be7 5.O-O O-O 6.c3 d6 7.Re1 Be6 8.Bxe6 
fxe6 9.Qb3 Qc8 10.d4 Nh5 11.dxe5 dxe5 12.Be3 Nf4 13.Nbd2 Rf6 14.Nc4 Ng6 
15.Red1 Rb8 16.Bg5 Rf7 17.Bxe7 Rxe7 18.Qb5 Qe8 19.Rd2 a6 20.Qb3 b5 21.Ne3 
Rd8 22.Rad1 Red7 23.Rxd7 Rxd7 24.Rxd7 Qxd7 25.Qd1 Qxd1+ 26.Nxd1 h6 27.g3 
Kf7 28.Ne3 Nf8 29.Ne1 Nd7 30.Nd3 Ke7 31.Kf1 Kd6 32.Ke2 Ncb8 33.f4 c5 34.f5
Nc6 35.g4 Ne7 36.Nf2 Nf6 37.Kf3 exf5 38.gxf5 g6 39.Nfg4 Nxg4 40.Kxg4 gxf5+
41.Nxf5+ Nxf5 42.Kxf5 a5 43.a3 a4 44.h4 h5 45.Kf6 1-0

[Event "Jakarta zt (Women)"]
[Site "Jakarta"]
[Date "1993.??.??"]
[Round "11"]
[White "Pham, Ngoc Thanh"]
[Black "Mariano, Christine Rose"]
[Result "1-0"]
[WhiteElo "2200"]
[BlackElo "2005"]
[EventDate "1993.??.??"]
[PlyCount "53"]

1.d4 Nf6 2.c4 g6 3.Nc3 Bg7 4.e4 d6 5.Nf3 e5 6.dxe5 dxe5 7.Qxd8+ Kxd8 8.
Nxe5 Be6 9.Bg5 Kc8 10.Nf3 Re8 11.O-O-O Ng4 12.Bh4 Bxc3 13.bxc3 Nc6 14.Nd4 
Bd7 15.h3 Nh6 16.Bd3 Ne5 17.Rhe1 f5 18.f3 Nhf7 19.exf5 Nxd3+ 20.Rxd3 Rxe1+
21.Bxe1 Ne5 22.Re3 Nxc4 23.f6 c5 24.Bg3 Bc6 25.Re7 Nb6 26.Rc7+ Kd8 27.Ne6+
1-0

[Event "Jakarta zt (Women)"]
[Site "Jakarta"]
[Date "1993.??.??"]
[Round "11"]
[White "Sulistya, Maria Lucia Ratna"]
[Black "Takemoto, Naoko"]
[Result "1-0"]
[WhiteElo "2195"]
[BlackElo "2030"]
[EventDate "1993.??.??"]
[PlyCount "69"]

1.e4 e6 2.d4 d5 3.Nc3 Bb4 4.e5 Qd7 5.a3 Bxc3+ 6.bxc3 b6 7.f4 Ba6 8.Bxa6 
Nxa6 9.Qd3 Nb8 10.Nf3 Ne7 11.O-O Nbc6 12.c4 Na5 13.cxd5 Qxd5 14.Rb1 Nc4 
15.Rb4 b5 16.c3 a6 17.Rd1 h5 18.Nd2 Nc6 19.Rb1 Nxd2 20.Bxd2 Na5 21.f5 
O-O-O 22.fxe6 Qxe6 23.a4 c6 24.axb5 cxb5 25.Ra1 Nc4 26.Qf3 Kc7 27.Bg5 Rd5 
28.Rxa6 Qxa6 29.Qxd5 f6 30.exf6 gxf6 31.Qf7+ Kc8 32.Bxf6 Nd6 33.Qe6+ Kc7 
34.Bxh8 Qc6 35.Be5 1-0

[Event "Jakarta zt (Women)"]
[Site "Jakarta"]
[Date "1993.??.??"]
[Round "12"]
[White "Takemoto, Naoko"]
[Black "Wong, Audrey"]
[Result "1/2-1/2"]
[WhiteElo "2030"]
[BlackElo "2055"]
[EventDate "1993.??.??"]
[PlyCount "77"]

1.Nf3 Nf6 2.d4 g6 3.c4 Bg7 4.g3 O-O 5.Bg2 d6 6.O-O Nbd7 7.Nc3 e5 8.Bg5 h6 
9.Bxf6 Bxf6 10.Qd2 Kh7 11.Rad1 Rb8 12.dxe5 Nxe5 13.Nxe5 Bxe5 14.c5 Be6 15.
f4 Bg7 16.Qc2 Qe7 17.e4 dxc5 18.f5 Bc4 19.Nd5 Bxd5 20.exd5 Bd4+ 21.Kh1 
Rbe8 22.Bf3 Qe5 23.Bg4 Qxd5+ 24.Bf3 Qd6 25.Bxb7 c6 26.Qg2 Rb8 27.Bxc6 Qc7 
28.Rd2 Kg7 29.Re2 Rb6 30.Bd5 Qd7 31.b3 g5 32.Qe4 Rf6 33.Qf3 Rd8 34.Bc4 Qc6
35.Kg2 Qxf3+ 36.Rxf3 Rfd6 37.h4 R8d7 38.hxg5 hxg5 39.Re1 1/2-1/2

[Event "Jakarta zt (Women)"]
[Site "Jakarta"]
[Date "1993.??.??"]
[Round "13"]
[White "Berezina, Irina"]
[Black "Takemoto, Naoko"]
[Result "1-0"]
[WhiteElo "2195"]
[BlackElo "2030"]
[EventDate "1993.??.??"]
[PlyCount "73"]

1.d4 e6 2.Nf3 d5 3.c4 c6 4.Nc3 f5 5.Bg5 Nf6 6.e3 Bd6 7.Ne5 O-O 8.Bd3 Nbd7 
9.f4 Qe8 10.O-O Ne4 11.Nxe4 dxe4 12.Bc2 h6 13.Bh4 g5 14.Bg3 Nf6 15.h3 Kg7 
16.Qe2 b6 17.Ba4 Bb7 18.Rac1 Rc8 19.a3 Qe7 20.fxg5 hxg5 21.c5 bxc5 22.dxc5
Bxc5 23.b4 Ba6 24.Qxa6 Bxe3+ 25.Kh1 Bxc1 26.Rxc1 f4 27.Be1 Nd5 28.Rxc6 
Rxc6 29.Bxc6 f3 30.Bxd5 f2 31.Bxf2 Rxf2 32.Bxe4 Ra2 33.Kh2 Qc7 34.Qxe6 
Rxa3 35.Qg6+ Kf8 36.Qf6+ Ke8 37.Bg6+ 1-0

[Event "Jakarta zt (Women)"]
[Site "Jakarta"]
[Date "1993.??.??"]
[Round "13"]
[White "Lindri, Juni Wijayanti"]
[Black "Dekic, Biljana N"]
[Result "1-0"]
[WhiteElo "2155"]
[BlackElo "2155"]
[EventDate "1993.??.??"]
[PlyCount "125"]

1.Nf3 Nf6 2.g3 b5 3.Bg2 Bb7 4.d3 d6 5.O-O Nbd7 6.Nbd2 c5 7.c3 a5 8.b4 cxb4
9.cxb4 a4 10.a3 g6 11.Bb2 Bg7 12.Rc1 O-O 13.Rc2 Rc8 14.Rxc8 Qxc8 15.Qa1 
Qb8 16.Bh3 Rd8 17.Rc1 e5 18.Rc2 Rc8 19.Qc1 Rxc2 20.Qxc2 Qc8 21.Qxc8+ Bxc8 
22.Nb1 Bb7 23.e4 Nb6 24.Nfd2 Nfd7 25.Nc3 Bc6 26.Nf1 Bh6 27.f3 Nf8 28.Kf2 
Ne6 29.Ne2 Bg7 30.Ne3 Ng5 31.Bf1 Ne6 32.h4 Kf8 33.Bh3 Nc7 34.f4 f6 35.f5 
Kf7 36.g4 g5 37.Bg2 h6 38.d4 Bf8 39.d5 Bd7 40.Nc3 Nc4 41.Nxc4 bxc4 42.hxg5
hxg5 43.Bf1 Nb5 44.Nxa4 Be7 45.Nc3 Nxc3 46.Bxc3 Bb5 47.Be2 Bd8 48.Bd1 Bb6+
49.Ke2 Bg1 50.a4 Ba6 51.b5 Bb7 52.Kd2 Ke7 53.Be2 Kd7 54.a5 Bf2 55.Bxc4 Bc5
56.b6 Kc8 57.Bb5 Kb8 58.Kc2 Bc8 59.Kb3 Bb7 60.Bb4 Bxb4 61.Kxb4 Kc8 62.a6 
Ba8 63.Bc6 1-0

[Event "Jakarta zt (Women)"]
[Site "Jakarta"]
[Date "1993.??.??"]
[Round "13"]
[White "Pham, Ngoc Thanh"]
[Black "Lumongdong, Lisa Karlina"]
[Result "1/2-1/2"]
[WhiteElo "2200"]
[BlackElo "2085"]
[EventDate "1993.??.??"]
[PlyCount "21"]

1.d4 Nf6 2.c4 g6 3.Nc3 Bg7 4.e4 d6 5.Nf3 O-O 6.Be2 e5 7.dxe5 dxe5 8.Qxd8 
Rxd8 9.Bg5 c6 10.Nxe5 Re8 11.f4 1/2-1/2

[Event "Jakarta zt (Women)"]
[Site "Jakarta"]
[Date "1993.??.??"]
[Round "13"]
[White "Wong, Audrey"]
[Black "Mills, Natalie"]
[Result "1/2-1/2"]
[WhiteElo "2055"]
[BlackElo "2005"]
[EventDate "1993.??.??"]
[PlyCount "55"]

1.d4 Nf6 2.c4 e6 3.Nc3 Bb4 4.f3 c5 5.d5 Bxc3+ 6.bxc3 Qa5 7.Bd2 d6 8.e4 O-O
9.Bd3 Nbd7 10.Nh3 Ne5 11.Be2 a6 12.Nf2 b5 13.cxb5 axb5 14.c4 b4 15.O-O Qa4
16.Bg5 Qxd1 17.Rfxd1 Rd8 18.f4 Ng6 19.dxe6 fxe6 20.e5 h6 21.Bf3 Ra3 22.
Bxf6 gxf6 23.exd6 Nxf4 24.Ne4 Nd3 25.Be2 Nf4 26.Bf3 Nd3 27.Be2 Nf4 28.Bf3 
1/2-1/2

[Event "Juarez zt"]
[Site "Juarez "]
[Date "1993.??.??"]
[Round "?"]
[White "Arencibia Rodriguez, Walter"]
[Black "Vera Gonzalez Quevedo, Reynaldo"]
[Result "0-1"]
[WhiteElo "2490"]
[BlackElo "2515"]
[EventDate "1993.??.??"]
[PlyCount "84"]

1.e4 c5 2.Nf3 d6 3.d4 cxd4 4.Nxd4 Nf6 5.Nc3 a6 6.Be3 e6 7.f3 b5 8.Qd2 Bb7 
9.O-O-O Nbd7 10.g4 h6 11.h4 b4 12.Nce2 d5 13.exd5 Nxd5 14.Nf4 Nxf4 15.Bxf4
Be7 16.Bc4 Nb6 17.Qe2 Bd5 18.Nc6 Qd7 19.Nxe7 Qxe7 20.Bxd5 Nxd5 21.Be5 f6 
22.Bd4 Kf7 23.Rhe1 Rhe8 24.Qd3 Qc7 25.Re4 Rac8 26.g5 hxg5 27.hxg5 Nf4 28.
Qb3 Red8 29.gxf6 gxf6 30.Rde1 Rd5 31.Kb1 Qd6 32.c3 bxc3 33.Bxc3 Rd8 34.Bb4
Qb8 35.Qe3 Ng2 36.Qh6 Rh8 37.Qc1 Nxe1 38.Qxe1 Qb5 39.Rxe6 Qd3+ 40.Kc1 Qxf3
41.Re7+ Kg6 42.Qg1+ Rg5 0-1

[Event "Nea Makri zt (Women)"]
[Site "Nea Makri"]
[Date "1993.??.??"]
[Round "2"]
[White "Kasioura, Froso"]
[Black "Petraki, Maria"]
[Result "1-0"]
[WhiteElo "2035"]
[BlackElo "2045"]
[EventDate "1993.??.??"]
[PlyCount "81"]

1.e4 e6 2.Nc3 d5 3.Nf3 Nf6 4.e5 Nfd7 5.d4 c5 6.dxc5 Nc6 7.Bf4 Bxc5 8.Bd3 
f6 9.exf6 Nxf6 10.O-O O-O 11.Ne5 Qe8 12.Nb5 Bb6 13.Nd6 Qe7 14.Nxc8 Raxc8 
15.Ng4 Nxg4 16.Qxg4 e5 17.Be3 e4 18.Be2 Ne5 19.Qh5 Rxc2 20.Bxb6 axb6 21.
Bd1 Rc6 22.Bb3 Rh6 23.Qd1 Kh8 24.Qxd5 Rh5 25.Qxe4 Qg5 26.Rfe1 h6 27.Re3 
Ng4 28.Bc2 g6 29.Rg3 Nxf2 30.Rxg5 Nxe4 31.Rxh5 gxh5 32.Bxe4 Rf7 33.Bg6 Rd7
34.Bxh5 Rd2 35.b3 Kg7 36.Bf3 Rd7 37.Rd1 Rc7 38.Rd2 Kf6 39.Kf2 Ke5 40.Rd5+ 
Ke6 41.Rb5 1-0

[Event "Nea Makri zt (Women)"]
[Site "Nea Makri"]
[Date "1993.??.??"]
[Round "4"]
[White "Cinar, Nilufer"]
[Black "Botsari, Anna Maria"]
[Result "0-1"]
[WhiteElo "2105"]
[BlackElo "2250"]
[EventDate "1993.??.??"]
[PlyCount "54"]

1.e4 e5 2.Nf3 Nc6 3.Bc4 Bc5 4.c3 Nf6 5.d4 exd4 6.cxd4 Bb4+ 7.Bd2 Bxd2+ 8.
Nbxd2 d5 9.exd5 Nxd5 10.Qb3 Nce7 11.O-O O-O 12.Rfe1 c6 13.Ne4 Nb6 14.Bd3 
Ng6 15.Rad1 Be6 16.Qc2 Bg4 17.Neg5 Nd5 18.h3 Bd7 19.Qd2 h6 20.Nxf7 Kxf7 
21.Bxg6+ Kxg6 22.Ne5+ Kh7 23.g4 Be8 24.Qd3+ Kg8 25.Re4 Qf6 26.Rf1 Bg6 27.
Nxg6 Qxg6 0-1

[Event "Nea Makri zt (Women)"]
[Site "Nea Makri"]
[Date "1993.??.??"]
[Round "5"]
[White "Petraki, Maria"]
[Black "Cinar, Nilufer"]
[Result "0-1"]
[WhiteElo "2045"]
[BlackElo "2105"]
[EventDate "1993.??.??"]
[PlyCount "49"]

1.d4 Nf6 2.c4 g6 3.Nc3 Bg7 4.e4 d6 5.f4 O-O 6.Nf3 c5 7.d5 e6 8.Be2 exd5 9.
cxd5 Bg4 10.e5 Nh5 11.O-O dxe5 12.Nxe5 Bxe2 13.Qxe2 Nd7 14.d6 Nhf6 15.Nb5 
Ne8 16.Rd1 a6 17.Nc7 Bxe5 18.Nxa8 Bxd6 19.f5 Qb8 20.Bh6 Ng7 21.Bxg7 Kxg7 
22.Qd2 Bxh2+ 23.Kh1 Nf6 24.Nb6 Ne4 25.Qe1 0-1

[Event "Nea Makri zt (Women)"]
[Site "Nea Makri"]
[Date "1993.??.??"]
[Round "6"]
[White "Kasioura, Froso"]
[Black "Botsari, Anna Maria"]
[Result "0-1"]
[WhiteElo "2035"]
[BlackElo "2250"]
[EventDate "1993.??.??"]
[PlyCount "126"]

1.e4 e5 2.Nf3 Nc6 3.Bb5 a6 4.Bxc6 dxc6 5.O-O Qd6 6.d3 f6 7.Be3 c5 8.Nbd2 
Be6 9.Nc4 Qc6 10.Na5 Qb5 11.Nb3 O-O-O 12.a4 Qc6 13.Nfd2 g5 14.Qe2 Be7 15.
Na5 Qe8 16.Ndb3 Qf8 17.Nc4 Nh6 18.f3 f5 19.Nxe5 f4 20.Bd2 Bf6 21.Bc3 Bxb3 
22.cxb3 Qg7 23.Nc4 Bxc3 24.bxc3 Qxc3 25.Rfd1 Rhe8 26.Rab1 Re7 27.Qb2 Qxb2 
28.Nxb2 Nf7 29.Rbc1 b6 30.a5 Kb7 31.axb6 cxb6 32.Kf2 Red7 33.Ke2 Ne5 34.
Rc3 Rd4 35.Nc4 Nc6 36.g3 Rg8 37.Rg1 Rg6 38.gxf4 gxf4 39.Rg4 b5 40.Nb2 Kb6 
41.Kf2 Rxg4 42.fxg4 Ne5 43.h3 a5 44.Ke2 Rb4 45.Nd1 a4 46.bxa4 Rxa4 47.Rc2 
Ra3 48.Nf2 b4 49.Rb2 Kb5 50.g5 Rc3 51.Rd2 f3+ 52.Kd1 b3 53.Ke1 Kb4 54.h4 
Ka3 55.h5 b2 56.Rxb2 Kxb2 57.Nd1+ Kc2 58.Nxc3 Kxc3 59.g6 hxg6 60.h6 Kd4 
61.h7 Nf7 62.Kf2 g5 63.Kxf3 Kxd3 0-1

[Event "Nea Makri zt (Women)"]
[Site "Nea Makri"]
[Date "1993.??.??"]
[Round "8"]
[White "Cinar, Nilufer"]
[Black "Kasioura, Froso"]
[Result "1-0"]
[WhiteElo "2105"]
[BlackElo "2035"]
[EventDate "1993.??.??"]
[PlyCount "51"]

1.e4 c5 2.c3 e6 3.d4 Qh4 4.Bd3 cxd4 5.cxd4 Bb4+ 6.Nc3 Nf6 7.Nf3 Qg4 8.O-O 
Bxc3 9.bxc3 O-O 10.Re1 d5 11.h3 Qh5 12.e5 Nfd7 13.Ba3 Re8 14.Kh2 f5 15.Qd2
Nc6 16.Rg1 Ne7 17.g4 fxg4 18.Rxg4 Nf5 19.Rag1 g6 20.Qf4 Kh8 21.Ng5 Nf8 22.
Bxf5 exf5 23.Rh4 Qe2 24.Bxf8 Rxf8 25.Rxh7+ Kg8 26.Qh4 1-0

[Event "Tbilisi zt (Women)"]
[Site "Tbilisi"]
[Date "1993.??.??"]
[Round "1"]
[White "Hlgatian, Goar"]
[Black "Aslanian, Ludmila K"]
[Result "0-1"]
[WhiteElo "2115"]
[BlackElo "2230"]
[EventDate "1993.??.??"]
[PlyCount "112"]

1.e4 c5 2.Nf3 d6 3.d4 cxd4 4.Nxd4 Nf6 5.Nc3 a6 6.Be2 e6 7.O-O Be7 8.a4 O-O
9.Be3 Qc7 10.f4 b6 11.Bf3 Bb7 12.Qe2 Nbd7 13.Kh1 Nc5 14.Bf2 Rac8 15.e5 
Bxf3 16.Nxf3 dxe5 17.fxe5 Ng4 18.Bg3 Rfd8 19.Bf4 Qc6 20.h3 Nh6 21.Bxh6 
gxh6 22.Qe3 Kh8 23.Qxh6 Ne4 24.Nxe4 Qxe4 25.c3 Rg8 26.Rae1 Qxa4 27.Nd4 Rg7
28.Qh5 Rf8 29.Rf4 Qd7 30.h4 Qd5 31.Re2 b5 32.Rg4 Rfg8 33.Rxg7 Rxg7 34.Rf2 
Qe4 35.Nf3 b4 36.Rd2 bxc3 37.bxc3 Qb7 38.Rd1 a5 39.Rd2 a4 40.Ng5 Bxg5 41.
hxg5 Qb8 42.Rd6 Qb1+ 43.Rd1 Qf5 44.Qh4 a3 45.Ra1 Rxg5 46.Qd4 Kg7 47.Kg1 a2
48.Qd1 Qxe5 49.Rxa2 Qxc3 50.Rf2 Qe3 51.Kf1 Rd5 52.Qg4+ Qg5 53.Qxg5+ Rxg5 
54.Ke1 Re5+ 55.Kd2 Re4 56.Kd3 f5 0-1

[Event "Tbilisi zt (Women)"]
[Site "Tbilisi"]
[Date "1993.??.??"]
[Round "1"]
[White "Kachiani Gersinska, Ketino"]
[Black "Lomineishvili, Maia"]
[Result "1-0"]
[WhiteElo "2420"]
[BlackElo "2080"]
[EventDate "1993.??.??"]
[PlyCount "129"]

1.d4 Nf6 2.c4 g6 3.Nc3 Bg7 4.e4 d6 5.Be2 O-O 6.Bg5 h6 7.Be3 e5 8.d5 Nbd7 
9.g4 Nc5 10.f3 h5 11.h3 a5 12.Bg5 Qe8 13.Qd2 Nh7 14.Be3 f5 15.exf5 gxf5 
16.g5 a4 17.h4 a3 18.b3 Bd7 19.Nh3 Qg6 20.Rd1 Na6 21.Bd3 Rfe8 22.Bb1 Nf8 
23.Rg1 Re7 24.Bf2 Nc5 25.Kf1 e4 26.Nf4 Qe8 27.Bxc5 e3 28.Qd3 dxc5 29.Re1 
Be5 30.d6 cxd6 31.Ncd5 Rg7 32.Rxe3 Kh8 33.g6 Nxg6 34.Nxh5 Rg8 35.Nhf6 Qf7 
36.Nxd7 Qxd7 37.Qxf5 Qxf5 38.Bxf5 Nf4 39.Rxg8+ Rxg8 40.Nxf4 Bxf4 41.Re7 
Rg7 42.Re8+ Rg8 43.Re6 Rf8 44.Be4 Rb8 45.h5 b5 46.h6 bxc4 47.bxc4 Be5 48.
Re7 Kg8 49.h7+ Kh8 50.Ra7 Bb2 51.Kg2 Re8 52.Kh3 Rf8 53.Kg4 Bc1 54.Kh5 Bb2 
55.Kg5 Bc1+ 56.Kg6 Bb2 57.f4 Rf6+ 58.Kg5 Rf8 59.f5 Bc1+ 60.Kg6 Bb2 61.Ra8 
Rxa8 62.Bxa8 Be5 63.Bd5 Bd4 64.f6 Be5 65.Kf7 1-0

[Event "Tbilisi zt (Women)"]
[Site "Tbilisi"]
[Date "1993.??.??"]
[Round "1"]
[White "Khurtsilava, Inga"]
[Black "Airapetian, SH"]
[Result "1-0"]
[WhiteElo "2120"]
[BlackElo "2065"]
[EventDate "1993.??.??"]
[PlyCount "68"]

1.c4 e5 2.Nf3 Nf6 3.g3 d5 4.cxd5 Nxd5 5.Bg2 Nb6 6.Nc3 Nc6 7.O-O Be7 8.a3 
a5 9.b3 O-O 10.Bb2 Be6 11.d3 Qd7 12.Re1 f6 13.Rc1 Nd4 14.Nxd4 exd4 15.Ne4 
Rfd8 16.Nc5 Bxc5 17.Rxc5 c6 18.Qd2 Bxb3 19.Rxa5 Qd6 20.Rxa8 Rxa8 21.Qb4 
Qxb4 22.axb4 Rd8 23.Rb1 Ba4 24.Ra1 Bb5 25.Ra7 Na4 26.Bc1 Nc3 27.Kf1 Rd7 
28.Bf3 Kf7 29.Ra8 Kg6 30.h4 Nd5 31.Rf8 h6 32.Be4+ Kh5 33.Bxh6 g5 34.Rh8 
Kg4 1-0

[Event "Tbilisi zt (Women)"]
[Site "Tbilisi"]
[Date "1993.??.??"]
[Round "2"]
[White "Airapetian, SH"]
[Black "Hlgatian, Goar"]
[Result "0-1"]
[WhiteElo "2065"]
[BlackElo "2115"]
[EventDate "1993.??.??"]
[PlyCount "118"]

1.e4 e6 2.d4 d5 3.Nc3 dxe4 4.Nxe4 Bd7 5.Nf3 Bc6 6.Bd3 Nd7 7.Qe2 Ngf6 8.Bg5
Be7 9.Ng3 Nd5 10.Bd2 Nb4 11.Bxb4 Bxb4+ 12.c3 Be7 13.O-O Bxf3 14.Qxf3 c6 
15.Rfe1 O-O 16.Nh5 g6 17.Nf4 Qc7 18.Qe3 Bd6 19.Nh3 Bxh2+ 20.Kh1 Bd6 21.Qh6
Rfe8 22.f4 Nf8 23.Re2 Rad8 24.Rae1 Be7 25.Bc2 Rd5 26.f5 exf5 27.Nf4 Rd6 
28.Re3 g5 29.Qh5 gxf4 30.Rh3 Rg6 31.Bxf5 Rg7 32.Bc2 Qd8 33.Qh6 Bg5 34.Rxe8
Qxe8 35.Qh5 f3 36.Qxf3 Qe1+ 37.Kh2 Qd2 38.Bd3 Qf4+ 39.Kg1 Qxf3 40.Rxf3 Ne6
41.Be4 Be7 42.Bf5 Rg5 43.Kf1 Bd6 44.Rf2 Kg7 45.Be4 Nf4 46.Rd2 f5 47.Bf3 
Ng6 48.d5 c5 49.c4 Ne5 50.Be2 Kf6 51.b3 h5 52.Bd1 f4 53.Rf2 Ng4 54.Rd2 
Ne3+ 55.Kg1 Nxd1 56.Rxd1 f3 57.Rf1 Rxg2+ 58.Kh1 Rh2+ 59.Kg1 f2+ 0-1

[Event "Tbilisi zt (Women)"]
[Site "Tbilisi"]
[Date "1993.??.??"]
[Round "2"]
[White "Kachiani Gersinska, Ketino"]
[Black "Gurieli, Nino"]
[Result "1-0"]
[WhiteElo "2420"]
[BlackElo "2365"]
[EventDate "1993.??.??"]
[PlyCount "87"]

1.d4 d6 2.c4 e5 3.Nc3 exd4 4.Qxd4 Nc6 5.Qd2 Be6 6.b3 Nf6 7.e4 a5 8.g3 a4 
9.Rb1 axb3 10.axb3 Nxe4 11.Nxe4 d5 12.Nc3 Bb4 13.cxd5 Bxd5 14.f3 Qe7+ 15.
Be2 O-O-O 16.Kf1 Qe5 17.Bb2 Be6 18.Qc1 Nd4 19.Ne4 f5 20.Ng5 Rhe8 21.f4 Qd5
22.Bxd4 Qxd4 23.N1f3 Qb6 24.Nxe6 Rxe6 25.Ra1 Kb8 26.Ra2 Re3 27.Qa1 c6 28.
Ra8+ Kc7 29.Rxd8 Kxd8 30.Qd4+ Qxd4 31.Nxd4 g6 32.Bc4 Kc7 33.Kf2 Re4 34.
Ne6+ Kc8 35.Rd1 b5 36.Ng5 Bc5+ 37.Kg2 Re3 38.Be6+ Kc7 39.Rd7+ Kb6 40.Rxh7 
Re2+ 41.Kf1 Rf2+ 42.Ke1 Rb2 43.Nf3 Bb4+ 44.Kf1 1-0

[Event "Tbilisi zt (Women)"]
[Site "Tbilisi"]
[Date "1993.??.??"]
[Round "3"]
[White "Aslanian, Ludmila K"]
[Black "Airapetian, SH"]
[Result "1-0"]
[WhiteElo "2230"]
[BlackElo "2065"]
[EventDate "1993.??.??"]
[PlyCount "133"]

1.e4 e5 2.Nf3 Nc6 3.Bb5 a6 4.Ba4 Nf6 5.O-O Be7 6.Re1 b5 7.Bb3 O-O 8.c3 d6 
9.h3 Na5 10.Bc2 c5 11.d4 Qc7 12.Nbd2 Re8 13.Nf1 Bf8 14.Bg5 Nd7 15.Ne3 g6 
16.Nd5 Qb8 17.dxe5 dxe5 18.Nh2 h6 19.Ng4 hxg5 20.Ngf6+ Nxf6 21.Nxf6+ Kh8 
22.Nxe8 Be6 23.Nf6 Nc4 24.Qc1 Qd8 25.Ng4 Be7 26.Bb3 Qc7 27.a4 Rd8 28.axb5 
axb5 29.Ne3 Na5 30.Bxe6 fxe6 31.Qc2 c4 32.Red1 Rf8 33.Ng4 Nb3 34.Ra2 Bc5 
35.Ra6 Bb6 36.Rxb6 Qxb6 37.Nxe5 Rg8 38.Nf7+ Kg7 39.Nxg5 Nc5 40.Rd4 Rd8 41.
e5 Qc7 42.Rd6 Qe7 43.Qd2 Ra8 44.h4 Ne4 45.Qf4 Nxd6 46.exd6 Qd7 47.Qe5+ Kg8
48.Nxe6 Ra1+ 49.Kh2 Ra6 50.g3 Rxd6 51.Nd4 b4 52.Qc5 bxc3 53.Qxc4+ Kh7 54.
bxc3 Rf6 55.Qe2 Qf7 56.f4 Rd6 57.Qe5 Rb6 58.f5 Rb2+ 59.Kh3 Rb6 60.fxg6+ 
Rxg6 61.Qh5+ Kg7 62.Nf5+ Kf6 63.Qf3 Qe6 64.g4 Qd7 65.h5 Rg5 66.Qf4 Qd8 67.
Nd4+ 1-0

[Event "Tbilisi zt (Women)"]
[Site "Tbilisi"]
[Date "1993.??.??"]
[Round "3"]
[White "Gurieli, Nino"]
[Black "Lomineishvili, Maia"]
[Result "1-0"]
[WhiteElo "2365"]
[BlackElo "2080"]
[EventDate "1993.??.??"]
[PlyCount "211"]

1.e4 c5 2.Nf3 d6 3.c3 Nf6 4.d3 g6 5.g3 Bg7 6.Bg2 O-O 7.Na3 Nc6 8.O-O e5 9.
h3 h6 10.Re1 Re8 11.Be3 Kh7 12.Nh4 Rb8 13.Nc2 b6 14.b4 cxb4 15.cxb4 d5 16.
b5 Ne7 17.Nf3 Neg8 18.d4 Nxe4 19.Nxe5 Bd7 20.Nb4 Bxb5 21.Nbc6 Bxc6 22.Nxc6
Qd7 23.Nxb8 Rxb8 24.Rc1 Re8 25.Qc2 Ne7 26.Bxe4 dxe4 27.Qxe4 Nf5 28.Qf4 Qd5
29.a4 Re4 30.Qc7 Re7 31.Qc4 Qf3 32.Qe2 Nxd4 33.Qf1 Nb3 34.Rb1 Nd4 35.Bxd4 
Rxe1 36.Rxe1 Bxd4 37.Qg2 Qf6 38.h4 h5 39.Re2 Bc5 40.Qe4 a5 41.Kg2 Kg7 42.
Qe5 Qxe5 43.Rxe5 f6 44.Re4 f5 45.Re6 Kf7 46.Rc6 Bd4 47.f3 Bc5 48.g4 fxg4 
49.fxg4 hxg4 50.Kg3 Kg7 51.Re6 Kf7 52.Re4 Kf6 53.Kxg4 Bd6 54.Rc4 Bc5 55.
Kf4 Bf2 56.Kf3 Bc5 57.Rg4 Bb4 58.Ke4 Bd2 59.Kd3 Be1 60.Rf4+ Kg7 61.Kc4 Bd2
62.Re4 Bb4 63.Kd5 Kh6 64.Re5 Bc5 65.Kc6 Bf2 66.Kb5 Bd4 67.Re6 Kh5 68.Kc6 
Bf2 69.Re2 Bc5 70.Rg2 Bd4 71.Kd5 Bf6 72.Ke6 Bxh4 73.Kf7 g5 74.Kf6 Kh6 75.
Kf5 Kg7 76.Rb2 Kf7 77.Rxb6 Be1 78.Rb7+ Kf8 79.Rb2 Bb4 80.Re2 Kf7 81.Kxg5 
Bc3 82.Kf5 Bb4 83.Re5 Bd2 84.Re2 Bb4 85.Re4 Bd2 86.Kg4 Bb4 87.Kf4 Bd6+ 88.
Ke3 Kf6 89.Kd4 Bb4 90.Kd5 Kf5 91.Re6 Bf8 92.Ra6 Bb4 93.Rh6 Be7 94.Rh1 Bb4 
95.Rf1+ Kg5 96.Kc4 Kg6 97.Rb1 Bd2 98.Kd3 Bg5 99.Rb5 Bd8 100.Rd5 Bc7 101.
Kc4 Kf6 102.Kb5 Ke7 103.Kc6 Ke6 104.Rc5 Bd8 105.Rb5 Ke7 106.Rb8 1-0

[Event "Tbilisi zt (Women)"]
[Site "Tbilisi"]
[Date "1993.??.??"]
[Round "3"]
[White "Khurtsidze, Nino"]
[Black "Kachiani Gersinska, Ketino"]
[Result "1-0"]
[WhiteElo "2275"]
[BlackElo "2420"]
[EventDate "1993.??.??"]
[PlyCount "79"]

1.d4 g6 2.Nf3 Bg7 3.g3 d5 4.Bg2 Nc6 5.O-O Bf5 6.c4 Bxb1 7.Rxb1 e6 8.cxd5 
exd5 9.b4 a6 10.a4 Nge7 11.Bf4 Nf5 12.e3 O-O 13.Qc2 Nd6 14.Nd2 g5 15.Bxd6 
Qxd6 16.Rfc1 Rac8 17.b5 Nb4 18.Qf5 axb5 19.axb5 h6 20.Nb3 b6 21.Nc5 Na2 
22.Rc2 bxc5 23.dxc5 Qe7 24.Rxa2 Qxc5 25.Bxd5 Qe7 26.Rc1 Rb8 27.Ra7 Qe5 28.
Qd3 Rbd8 29.e4 Rc8 30.Qc2 Rb8 31.Qxc7 Rxb5 32.Bxf7+ Kh8 33.Qxe5 Bxe5 34.
Rc2 Bd4 35.Rd7 Rb1+ 36.Kg2 Rb4 37.Bd5 g4 38.Be6 h5 39.Bf5 Bg7 40.Rcc7 1-0

[Event "Tbilisi zt (Women)"]
[Site "Tbilisi"]
[Date "1993.??.??"]
[Round "4"]
[White "Gurieli, Nino"]
[Black "Khurtsidze, Nino"]
[Result "1-0"]
[WhiteElo "2365"]
[BlackElo "2275"]
[EventDate "1993.??.??"]
[PlyCount "65"]

1.d4 Nf6 2.c4 e6 3.g3 d5 4.Nf3 c5 5.cxd5 Nxd5 6.Bg2 cxd4 7.Nxd4 Bb4+ 8.Bd2
O-O 9.O-O Be7 10.Nc3 Bf6 11.Nxd5 exd5 12.Bc3 Re8 13.Rc1 Nc6 14.e3 Be6 15.
Nxc6 bxc6 16.Qa4 Bxc3 17.Rxc3 Bd7 18.Rd1 Rb8 19.b3 Qe7 20.h3 a5 21.Qd4 a4 
22.bxa4 Rb4 23.Qa7 Rb2 24.e4 Rxa2 25.exd5 cxd5 26.a5 Qe2 27.Bf3 Qb2 28.
Rcd3 d4 29.R3d2 Qxd2 30.Rxd2 Rxd2 31.Qxd7 Re1+ 32.Kg2 h6 33.Bd5 1-0

[Event "Tbilisi zt (Women)"]
[Site "Tbilisi"]
[Date "1993.??.??"]
[Round "4"]
[White "Kachiani Gersinska, Ketino"]
[Black "Khurtsilava, Inga"]
[Result "0-1"]
[WhiteElo "2420"]
[BlackElo "2120"]
[EventDate "1993.??.??"]
[PlyCount "72"]

1.d4 Nf6 2.c4 c5 3.d5 b5 4.cxb5 a6 5.bxa6 Bxa6 6.g3 d6 7.Bg2 g6 8.Nc3 Bg7 
9.Nf3 O-O 10.O-O Nbd7 11.Bf4 Qb6 12.Qc1 Rfb8 13.b3 Qb4 14.Bd2 Qb7 15.Bh6 
Bh8 16.Rd1 Ne8 17.Bh3 Ne5 18.Ng5 Nf6 19.f3 Qb4 20.Kg2 Qa5 21.Rb1 Rb7 22.
Qe3 Rab8 23.Rbc1 c4 24.bxc4 Bxc4 25.Rc2 Nxd5 26.Nxd5 Bxd5 27.Rdc1 Rd8 28.
Rc8 Rb8 29.R8c7 Bf6 30.Ra7 Qb6 31.Qxb6 Rxb6 32.e4 Rb2+ 33.Kh1 Bb7 34.Bg2 
Nd3 35.Rf1 Bd4 36.Nh3 Bxa7 0-1

[Event "Tbilisi zt (Women)"]
[Site "Tbilisi"]
[Date "1993.??.??"]
[Round "4"]
[White "Lomineishvili, Maia"]
[Black "Airapetian, SH"]
[Result "0-1"]
[WhiteElo "2080"]
[BlackElo "2065"]
[EventDate "1993.??.??"]
[PlyCount "62"]

1.e4 e5 2.Nf3 Nc6 3.Bb5 f5 4.Nc3 fxe4 5.Nxe4 d5 6.Nxe5 dxe4 7.Nxc6 Qg5 8.
Ne5+ c6 9.d4 Qxg2 10.Bf1 Qxh1 11.Qh5+ g6 12.Nxg6 hxg6 13.Qxh8 Be6 14.Qe5 
Kf7 15.Bg5 Be7 16.Bxe7 Nxe7 17.Qf4+ Ke8 18.O-O-O Qf3 19.Qe5 Qf5 20.Qh8+ 
Ng8 21.Qg7 Rd8 22.Qxb7 Ne7 23.d5 Qxf2 24.Bc4 Qe3+ 25.Kb1 Qb6 26.Qxb6 axb6 
27.a4 cxd5 28.Bb5+ Bd7 29.Bxd7+ Rxd7 30.c3 Nf5 31.Re1 Kf7 0-1

[Event "Tbilisi zt (Women)"]
[Site "Tbilisi"]
[Date "1993.??.??"]
[Round "5"]
[White "Hlgatian, Goar"]
[Black "Kachiani Gersinska, Ketino"]
[Result "1/2-1/2"]
[WhiteElo "2115"]
[BlackElo "2420"]
[EventDate "1993.??.??"]
[PlyCount "139"]

1.e4 g6 2.d4 Bg7 3.Nf3 d6 4.Be2 Nf6 5.Nc3 O-O 6.O-O c6 7.h3 Nbd7 8.a4 a5 
9.e5 Ne8 10.Bf4 dxe5 11.dxe5 Nc7 12.Qc1 Ne6 13.Bh6 Qc7 14.Bxg7 Kxg7 15.Qe3
Qb6 16.Qxb6 Nxb6 17.Ne4 Bd7 18.Rfd1 Rad8 19.g3 Bc8 20.b3 Rd5 21.Rxd5 cxd5 
22.Nc3 Bd7 23.Rd1 Bc6 24.Nd4 Nxd4 25.Rxd4 Rc8 26.Bf3 e6 27.Bd1 Be8 28.Ne2 
Nd7 29.f4 Nc5 30.g4 g5 31.fxg5 Nd7 32.Nf4 Nxe5 33.Nh5+ Kf8 34.Nf6 Ke7 35.
Nxh7 Bc6 36.Nf6 Rh8 37.Kh2 Ng6 38.Kg3 Kd6 39.Rd2 Kc5 40.Rh2 e5 41.h4 Nf4 
42.h5 Ne6 43.Kh4 e4 44.h6 e3 45.h7 d4 46.Kh5 Kd6 47.g6 Ke5 48.g5 Ng7+ 49.
Kh6 Nf5+ 50.Kh5 Ng7+ 51.Kg4 fxg6 52.Bf3 Bxf3+ 53.Kxf3 Ne6 54.Kg4 Nf8 55.
Rh1 d3 56.cxd3 Kd4 57.Kf3 Ne6 58.Rg1 Kxd3 59.Rd1+ Kc2 60.Rd7 Nxg5+ 61.Kxe3
Nxh7 62.Nxh7 b5 63.axb5 Kxb3 64.Ng5 a4 65.Nf3 a3 66.Ra7 Rb8 67.Kd3 a2 68.
Nd2+ Kb2 69.Nc4+ Kb1 70.Nd2+ 1/2-1/2